000 00550nam a22001697a 4500
003 SGT
020 _a9789350063927
082 _a543.1,AGA
100 _aAGARWAL,S.K.
245 _aADVANCED INORGANIC ANALYSIS
250 _a12TH
260 _aNEW DELHI
_bPRAGATI
_c2014
300 _a468
650 _aGENERAL TOPICS IN ANALYTICAL CHEMISTRY
653 _aQUALITATIVE INORGANIC ANALYSIS,ANALYSIS OF ACIDIC RADICALS,REMOVAL OF INTERFERING RADICALS,QUANTITATIVE INORGANIC ANALYSIS,OXIDATION-REDUCTION,PRECIPITATION TITRATIONS,
942 _2ddc
_cFPS
_04
999 _c9324
_d9324